Sociología: Con aplicación en países de habla Hispana./ (Registro nro. 9344)

Detalles MARC
000 -LEADER
fixed length control field 01544nam a2200217Ia 4500
005 - FECHA Y HORA DE LA ÚLTIMA TRANSACCIÓN
control field 20250706115300.0
008 - FIXED-LENGTH DATA ELEMENTS--GENERAL INFORMATION
fixed length control field 230912s9999 xx 000 0 und d
020 ## - INTERNATIONAL STANDARD BOOK NUMBER
International Standard Book Number 9701028260
040 ## - CATALOGING SOURCE
Original cataloging agency UPAN
Transcribing agency Biblioteca San Vicente
Description conventions RCAA2
041 ## - LANGUAGE CODE
Language code of text/sound track or separate title spa
082 ## - DEWEY DECIMAL CLASSIFICATION NUMBER
Classification number 301
Item number S455s
año de publicación 2000
100 ## - MAIN ENTRY--PERSONAL NAME
Personal name Gelles, Richar J
Relator code aut.
245 #0 - TITLE STATEMENT
Title Sociología: Con aplicación en países de habla Hispana./
Remainder of title Richard J. Gelles
250 ## - EDITION STATEMENT
Edition statement 6° ed.
260 ## - PUBLICATION, DISTRIBUTION, ETC. (IMPRINT)
Place of publication, distribution, etc Mexico:
Name of publisher, distributor, etc McGraw- Hill,
Date of publication, distribution, etc 2000
300 ## - PHYSICAL DESCRIPTION
Extent 736 p.;
Dimensions 25 cm.
505 ## - FORMATTED CONTENTS NOTE
Formatted contents note 1: Presentación de la sociología.<br/>Capitulo Uno. La perspectiva sociológica.<br/>Capitulo Dos. Ciencia y teoría en sociología.<br/><br/>2: Dinámica del comportamiento social.<br/>Capitulo Tres. Cultura.<br/>Capitulo Cuatro. Socialización en el curso de la vida.<br/>Capitulo Cinco. Estructura social.<br/>Capitulo Seis. Interacción social y grupos sociales.<br/>Capitulo Siete. Desviación y control social.<br/><br/>3: Desigualdad social.<br/>Capitulo Ocho. Estratificación social.<br/>Capitulo Nueve. Estratificación racial y étnica.<br/>Capitulo Diez. Estratificación por genero.<br/><br/>4: Instituciones sociales.<br/>Capitulo Once. La familia.<br/>Capitulo Doce. Educación.<br/>Capitulo Trece. Religión.<br/>Capitulo Catorce. Política.<br/>Capitulo Quince. La economía y el trabajo.<br/><br/>5: Cambio en el esquema social.<br/>Capitulo Dieciséis. Población, ecología global y urbanización.<br/>Capitulo Diecisiete. Comportamiento colectivo y movimientos sociales.
650 ## - SUBJECT ADDED ENTRY--TOPICAL TERM
Source of heading or term LEMB
Topical term or geographic name as entry element Hispánica
General subdivision Sociología
700 ## - ADDED ENTRY--PERSONAL NAME
Personal name Levine, Ann
Relator code col.
942 ## - ADDED ENTRY ELEMENTS (KOHA)
Koha item type Libros
Source of classification or shelving scheme Dewey Decimal Classification
Existencias
Withdrawn status Lost status Source of classification or shelving scheme Damaged status Not for loan Collection code Home library Current library Date acquired Total Checkouts Full call number Barcode Date last seen Copy number Price effective from Koha item type
    Dewey Decimal Classification     Colección General Biblioteca UPAN San Vicente Biblioteca UPAN San Vicente 12/09/2023   301 S455s 12000208 12/09/2023 01 12/09/2023 Libros
    Dewey Decimal Classification     Colección General Biblioteca UPAN San Vicente Biblioteca UPAN San Vicente 12/09/2023   301 S455s 12000209 16/09/2023 02 12/09/2023 Libros
    Dewey Decimal Classification     Colección General Biblioteca UPAN San Vicente Biblioteca UPAN San Vicente 12/09/2023   301 S455s 12000207 16/09/2023 03 12/09/2023 Libros